| 000 | 00793nam a22002297a 4500 | ||
|---|---|---|---|
| 005 | 20141210115143.0 | ||
| 010 | _aBAC-CH25E | ||
| 020 |
_a9789350461570 _c150.00 |
||
| 020 |
_a9350461579 _c150.00 |
||
| 035 | _aB-544245-280 | ||
| 035 | _aG-002789 | ||
| 037 |
_adpl _bABC/vendor |
||
| 082 | _aS | ||
| 100 | _aPadmanabhan, Manjula | ||
| 245 |
_aWe are different ! / _cby Manjula Padmanabhan |
||
| 260 |
_bTulika Publishers _c2013 _aChennai |
||
| 270 |
_a24/1 Ganapathy Colony Third Street, Teynampet _bChennai _e600018 India |
||
| 300 |
_avarious pagings. _bcol.ill. _c23cm.(pbk) |
||
| 942 |
_2ddc _cCH _mPAD _hS |
||
| 999 |
_c87058 _d87058 |
||